00000000nam 2200000za 4500
0019.620749
003CaOODSP
00520240628101322
007ta
008150406|1992||||xxc|||||     f|0| 0 fre d
020 |a0-662-97967-2
040 |aCaOODSP|bfre
043 |an-cn---
0861 |aEn49-5/5-4F
1101 |aCanada.|bEnvironnement Canada. |bProtection de l'environnement.
24510|aEstimation des émissions de gaz provoquant l'effet de serre au Canada, 1990 / |cpar A. P. Jaques.
260 |aOttawa - Ontario : |bEnvironnement Canada. |c1992.
300 |a80p. : |bgraphiques, références, tableaux ; |c28 cm.
4901 |aSérie de la Protection de l'environnement|vSPE 5/AP/4
563 |aCouverture souple
69107|aEffet de serre|2gcpds
7201 |aJaques, A. P.
7760#|tEstimation des émissions de gaz provoquant l'effet de serre au Canada en 1990 / |w(CaOODSP)9.939982
830#0|aSérie de la protection de l'environnement ;|vSPE 5/AP/4|w(CaOODSP)9.512984